000 00553cam a2200169 4500500
005 20260426014425.0
041 _afre
042 _adc
100 1 0 _aElghozy, Bernard
_eauthor
700 1 0 _aCabé, Marie-Hélène
_eauthor
700 1 0 _aUhalde, Marc
_eauthor
245 0 0 _aRéseau de santé et action professionnelle
260 _c2005.
500 _a1
786 0 _nSociologies pratiques | 11 | 2 | 2005-09-01 | p. 17-20 | 1235-9278
856 4 1 _uhttps://shs.cairn.info/revue-sociologies-pratiques-2005-2-page-17?lang=fr&redirect-ssocas=7080
999 _c2224936
_d2224936